000 00787cam1a220018100 4500
001 zam00005427
008 970717n xx eng u
035 _a(Sirsi) r135427
040 _dUPRA
100 _aChann, Derek F.
_6A108251.1
245 1 4 _aThe strategy, structure and financial performance of the service industry.
260 _aManchester :
_bManchester Business School,
_c1975.
520 _aThe research investigated the relationship between the corporate strategy, organizational structure and financial performance of the largest 100 service industry corporations in the United Kingdom.
650 4 _aService Industry.
_6S77996.1
650 4 _aUnited Kingdom -- Management.
_xUnited Kingdom -- Management.
_6S81187.1
949 1 0 _mINESOR
_tBOOK
_lON-SHELF
004 135427
999 _c23373
_d23373